000 00819nam a2200241 i 4500
001 175606
003 ES-MaACL
005 20250808001328.0
007 t|
008 101111s1972 sp r ||||1| spa d
080 _a274(091)
100 1 _aGómez-Heras, José María G.
_957978
245 1 0 _aTeología protestante
_b: sistema e historia /
_cpor José Mª G. Gómez-Heras.
260 _aMadrid :
_b[La Editorial Católica],
_c1972.
300 _aXV, 265, [14] p. ;
_c18 cm.
490 1 _aBiblioteca de autores cristianos. Serie Minor ;
_v25
500 _aÍndice.
504 _aBibliografía: p. XIII-XV.
650 0 4 _aProtestantismo-
_xHistoria.
_916523
830 0 0 _aBiblioteca de autores cristianos.
_pMinor
_v25
_9189814
852 _aES-MaACL
_jE-13492
_xOlim P-1255
999 _c175606
_d175606